000 00492nam a2200193Ia 4500
003 GCL
008 140319s9999 xx 000 0 aRus d
040 _aGCL /
_cGCL
082 0 4 _a863
_bT E
100 1 _aTUMBAS, SOBRE HEROES
245 1 0 _aERNESTO SABATO /
_cTUMBAS, SOBRE HEROES
260 _a[S.N] :
_bBIBLIOTECA DE BOLSILLO ،
_c1995
300 _a505
650 0 4 _aLITERATURE
650 0 4 _aFICTION
650 0 4 _aSPANISH LITERATURE
650 0 4 _aSPANISH FICTION
942 _2ddc
_cBK
999 _c12911
_d12911